Servicios publicos domiciliarios : (Registro nro. 39304)

Detalles MARC
000 -LEADER
fixed length control field 01255nam a2200289 4500
001 - CONTROL NUMBER
control field 0000017746
003 - CONTROL NUMBER IDENTIFIER
control field CO-CtgCURN
005 - DATE AND TIME OF LATEST TRANSACTION
control field 20250429224118.0
007 - PHYSICAL DESCRIPTION FIXED FIELD--GENERAL INFORMATION
fixed length control field ta
008 - FIXED-LENGTH DATA ELEMENTS--GENERAL INFORMATION
fixed length control field 160627s2001 000 0 eng d
040 ## - CATALOGING SOURCE
Original cataloging agency CO-CtgCURN
Language of cataloging spa
Transcribing agency coctgcurn
082 0# - DEWEY DECIMAL CLASSIFICATION NUMBER
Classification number 350.87
Item number S86s
100 1# - MAIN ENTRY--PERSONAL NAME
Personal name Sánchez Luque, Guillermo.
245 10 - TITLE STATEMENT
Title Servicios publicos domiciliarios :
Remainder of title actualidad juridica incluye leyes 142 y 689 /
Statement of responsibility, etc. Guillermo Sánchez Luque, Hugo E. Pacheco de leon, Guillermo Obregon González.
260 ## - PUBLICATION, DISTRIBUTION, ETC.
Place of publication, distribution, etc. Bogotá :
Name of publisher, distributor, etc. Superintendencia de servicios publicos domiciliarios,
Date of publication, distribution, etc. 2001.
300 ## - PHYSICAL DESCRIPTION
Extent 446 p.
336 ## - CONTENT TYPE
Source rdacontent
337 ## - MEDIA TYPE
Source rdamedia
Media type term sin mediacion
Media type code n
338 ## - CARRIER TYPE
Source rdacarrier
Carrier type term volumen
Carrier type code nc
500 ## - GENERAL NOTE
General note Incluye indice.
505 8# - FORMATTED CONTENTS NOTE
Formatted contents note Articulos especializados.--Conceptos oficina juridica superintendencia de servicios publicos domiciliarios 1999-2001.--Ley 689 de 2001.--Ley 142 de 1994.--Caracter especial del control de gestion y resultados en servicios publicos domiciliarios
650 14 - SUBJECT ADDED ENTRY--TOPICAL TERM
Topical term or geographic name entry element Ley 142 de 1994.
700 1# - ADDED ENTRY--PERSONAL NAME
Personal name Pacheco de Leon, Hugo E.
-- Obregon González, Guillermo.
908 ## - PUT COMMAND PARAMETER (RLIN)
Put command parameter 160627
942 ## - ADDED ENTRY ELEMENTS (KOHA)
Koha item type Libros
Classification part 350.87
Item part S86s
Source of classification or shelving scheme Dewey Decimal Classification
Existencias
Withdrawn status Lost status Source of classification or shelving scheme Damaged status Not for loan Collection Home library Current library Shelving location Date acquired Inventory number Total checkouts Full call number Barcode Date last seen Price effective from Koha item type Public note
    Dewey Decimal Classification     General Miguel Henríquez Castañeda Miguel Henríquez Castañeda General 04/29/2025 014225   350.87 S86s 014225 04/29/2025 04/29/2025 Libros 350-ADM.P